000 00403cam a22001217a 4500
008 180718b1965 xxu||||| |||| 00| 0 eng d
082 _aA81x54 In2/61/Vol 5/Pt 1-A (ii) b
100 _aCensus of India 1961
245 _aGujarat: general report on the census
260 _aDelhi
_bThe Manager of Publications
_c1965
300 _a936+p.
440 _aCensus of India 1961. Volume V, Gujarat. Part I-A (ii) b
999 _c484111
_d484111